Los mercados de carbono en Colombia : entre los problemas de capacidad estatal y la judicialización verde /

Bibliographic Details
Main Author: Ceballos Bedoya, María Adelaida (Author)
Format: Electronic eBook
Language:Spanish
Published: Bogotá, Colombia : Editorial Dejusticia, [2024]
Series:Documentos (Centro de Estudios de Derecho, Justicia y Sociedad (Bogotá, Colombia)); 94.
Subjects:
Online Access:Digitalia Hispánica

MARC

LEADER 00000nam a2200000Ii 4500
001 DIGDJUST0173
003 NyNyDIG
006 m o d
007 cr |||||||||||
008 250518s2024 ck ab ob 000 0 spa d
035 |a (OCoLC)1521126327 
040 |a DGITA  |b eng  |e rda  |e pn  |c DGITA 
020 |a 9786287764057  |q versión digital 
020 |z 9786287764040  |q versión impresa 
043 |a s-ck--- 
050 1 4 |a HC1055.Z9 ebook 
100 1 |a Ceballos Bedoya, María Adelaida,  |e author. 
245 1 4 |a Los mercados de carbono en Colombia :  |b entre los problemas de capacidad estatal y la judicialización verde /  |c María Adelaida Ceballos Bedoya. 
264 1 |a Bogotá, Colombia :  |b Editorial Dejusticia,  |c [2024] 
300 |a 1 online resource :  |b illustrations, maps. 
336 |a text  |b txt  |2 rdacontent 
337 |a computer  |b c  |2 rdamedia 
338 |a online resource  |b cr  |2 rdacarrier 
347 |a text file  |2 rdaft 
347 |b PDF 
490 1 |a Documentos ;  |v 94 
504 |a Includes bibliographical references. 
588 0 |a Online resource; title from PDF title page (Digitalia, viewed May 18, 2025) 
650 0 |a Emissions trading  |z Colombia. 
650 0 |a Environmental policy  |z Colombia. 
776 0 8 |i Print version:  |a Ceballos Bedoya, María Adelaida.  |t Mercados de carbono en Colombia.  |d Bogotá, Colombia : Editorial Dejusticia, [2024]  |z 9786287764040 
791 2 |a Digitalia (Firm),  |e distributor. 
793 0 |g Digitalia eBook Collection:  |a Editorial Dejusticia 
830 0 |a Documentos (Centro de Estudios de Derecho, Justicia y Sociedad (Bogotá, Colombia));  |v 94. 
856 4 0 |3 Digitalia Hispánica  |u https://www.digitaliapublishing.com/a/173217/ 
910 |a Premium collection: 2025